[Event "Wroclaw op-B 6th"]
[Site "Wroclaw"]
[Date "2011.07.09"]
[Round "8"]
[White "Lachowicz, Tomasz"]
[Black "Siekanowicz, Agnieszka"]
[Result "0-1"]
[WhiteElo "1894"]
[BlackElo "1514"]
[PlyCount "89"]
[EventDate "2011.07.04"]
[EventType "swiss"]
[EventRounds "9"]
[EventCountry "POL"]
[SourceTitle "EXT 2023"]
[Source "ChessBase"]
[SourceDate "2022.10.05"]
[SourceVersion "1"]
[SourceVersionDate "2022.10.05"]
[SourceQuality "1"]

1. e4 e5 2. Nf3 Nc6 3. d4 exd4 4. Nxd4 Bc5 5. Nxc6 Qf6 6. Qd2 dxc6 7. Bd3 Ne7 8. 0-0 0-0 9. Qe2 Ng6 10. Qh5 Qe5 11. Qxe5 Nxe5 12. Nc3 Be6 13. Bf4 Bd6 14. Be3 Bc4 15. Rfd1 a6 16. h3 Rad8 17. f4 Nxd3 18. cxd3 Be6 19. g4 f6 20. Ne2 g6 21. Kf2 h6 22. f5 Bf7 23. Bxh6 Rfe8 24. fxg6 Bxg6 25. Bf4 Kg7 26. Bxd6 cxd6 27. Nf4 Bf7 28. b3 d5 29. Kf3 b6 30. b4 dxe4+ 31. dxe4 Rxd1 32. Rxd1 Bxa2 33. Rd7+ Bf7 34. Rc7 c5 35. bxc5 bxc5 36. Rxc5 Ra8 37. Nd5 a5 38. Nc7 Ra7 39. Nb5 Ra6 40. Kf4 a4 41. Rc3 Bb3 42. Nd4 Bf7 43. Ra3 Be8 44. h4 Rd6 45. Nf5+ 0-1